000 00949nam a2200277Ia 4500
001 Para_9246
003 CHAP
008 220125s2006 xx 000 0 und d
010 _a207985
040 _cCHAP
090 _aTESIS 2043
100 _aRuíz Clemente, Roger de Jesús
_9100871
245 _aControl químico de malezas en cilantro (Corlandrum sativum L.) en Chapingo, Estado de México /
_c por Roger de Jesús Ruíz Clemente
260 _aChapingo, Méx. :
_b el autor
300 _a51 h. + apénd.
502 _aTesis (Ing. Agr. Esp. en Parasitología Agrícola) -- UACh. Departamento Parasitología Agrícola
650 _aCilantro
_x malas hierbas
_x control
_923296
710 _aUACh. Departamento Parasitología Agrícola
_9164025
901 _aTESIS 2043
902 _aM
905 _a0000002006 an 0000000000 00
910 _a2006
942 _cPARA
942 _cPARA
_d2
999 _c207985
_d207985